Rozvoj kompetencií ako súčasť ďalšieho vzdelávania
Úloha ďalšieho vzdelávania pri rozvoji kompetencií. Analýza pracovných činností - východisko pre vzdelávacie aktivity. Nároky zamestnávateľských subjektov na kvalifikačnú a osobnostnú pripravenosť. Výsledky výskumu, ktorý sa uskutočnil v rámci projektu VEGA 1/0568/08 "Uplatňovanie moderných trendov...
Saved in:
| Main Author: | |
|---|---|
| Format: | Book Chapter |
| Language: | Slovak |
| Subjects: | |
| Tags: |
No Tags, Be the first to tag this record!
|
MARC
| LEADER | 00000naa$a2200000$$$4500 | ||
|---|---|---|---|
| 001 | 0112528 | ||
| 005 | 20240502083259.4 | ||
| 041 | 0 | |a slo | |
| 044 | |a CZ | ||
| 245 | 1 | 0 | |a Rozvoj kompetencií ako súčasť ďalšieho vzdelávania |c Marta Matulčíková |
| 520 | |a Úloha ďalšieho vzdelávania pri rozvoji kompetencií. Analýza pracovných činností - východisko pre vzdelávacie aktivity. Nároky zamestnávateľských subjektov na kvalifikačnú a osobnostnú pripravenosť. Výsledky výskumu, ktorý sa uskutočnil v rámci projektu VEGA 1/0568/08 "Uplatňovanie moderných trendov manažmentu a ich vplyv na úspešnosť podnikov". | ||
| 610 | 2 | 0 | |a vzdelávanie ďalšie |
| 610 | 2 | 0 | |a vzdelávanie dospelých |
| 610 | 2 | 0 | |a vzdelávanie celoživotné |
| 610 | 2 | 0 | |a podnik |
| 610 | 2 | 0 | |a zamestnávatelia |
| 610 | 2 | 0 | |a zamestnanci |
| 610 | 2 | 0 | |a kvalifikácia |
| 610 | 2 | 0 | |a schopnosti pracovné |
| 610 | 2 | 0 | |a kompetencie |
| 610 | 2 | 0 | |a výskum |
| 100 | 1 | |a Matulčíková, Marta, 1964- | |